| 000 | 00715nas a22002173a 4500 | ||
|---|---|---|---|
| 005 | 20171115105530.0 | ||
| 008 | 980226c19959999gw u 0 0eng d | ||
| 022 | _a0949-3026 | ||
| 040 |
_aCO-BoIAVH _cCO-BoIAVH |
||
| 041 | 0 | _aeng | |
| 044 | _agx | ||
| 090 | _aSE | ||
| 245 | 0 | 0 |
_aEcotropica : _ban international journal of tropical ecology |
| 260 |
_aBonn (Alemania) : _bGerman Society for Tropical Ecology _c1995. |
||
| 300 |
_bilustraciones ; _c24 x 17 cm. |
||
| 310 | _af | ||
| 650 | 2 | 6 |
_aEcología _zZona tropical _vPublicaciones periódicas |
| 650 | 2 | 4 |
_aEcología tropical _vPublicaciones periódicas |
| 710 | 2 | _aDeutsche Gesellschaft für Tropenökologie | |
| 942 |
_2z _cREVISTA _s1 |
||
| 999 |
_c16877 _d16877 |
||